000
00197nam a2200109Ia 4500
100
_a
#N/A
942
_c
BK
654
_a
linux
245
_a
Linux Disc 1
260
_b
#N/A
_c
2004
546
_a
ENGLISH
999
_c
29897
_d
29897